000 00343nam a2200145Ia 4500
008 220216s9999 xx 000 0 und d
100 _aTohara H
245 0 _aRubber suspensions for Japans railways
260 _bRubber Developments
_c1960
300 _a103-105
650 _aJapan
650 _aRailways
650 _aRubber
942 _cJS
999 _c68017
_d68017